Thử đưa ra một hệ thống bài tập toán cho học sinh lớp 10 và loáp 11 Luận văn tốt nghiệp Đại học Sư phạm ngành Toán Khóa 16

محفوظ في:
التفاصيل البيبلوغرافية
المؤلف الرئيسي: Phòng Phước Thiện
التنسيق: كتاب
اللغة:Undetermined
منشور في: Cần Thơ Trường Đại học Cần Thơ, Khoa Sư phạm, Bộ môn Toán 1994
الموضوعات:
الوسوم: إضافة وسم
لا توجد وسوم, كن أول من يضع وسما على هذه التسجيلة!
Thư viện lưu trữ: Trung tâm Học liệu Trường Đại học Cần Thơ
LEADER 00807nam a2200193Ia 4500
001 CTU_33841
008 210402s9999 xx 000 0 und d
082 |a 510.07 
082 |b Th305/1994 
100 |a Phòng Phước Thiện 
245 0 |a Thử đưa ra một hệ thống bài tập toán cho học sinh lớp 10 và loáp 11 
245 0 |b Luận văn tốt nghiệp Đại học Sư phạm ngành Toán Khóa 16 
245 0 |c Phòng Phước Thiện 
260 |a Cần Thơ 
260 |b Trường Đại học Cần Thơ, Khoa Sư phạm, Bộ môn Toán 
260 |c 1994 
650 |a mathematics - study and teaching ( secondary ) 
904 |i Nguyễn Quang Điền, 991112 
980 |a Trung tâm Học liệu Trường Đại học Cần Thơ